Asking for trouble (Record no. 5118)

MARC details
000 -CABECERA
campo de control de longitud fija 01241nam a22001577a 4500
008 - DATOS DE LONGITUD FIJA--INFORMACIÓN GENERAL
campo de control de longitud fija 251029b |||||||| |||| 00| 0 eng d
020 ## - NÚMERO INTERNACIONAL ESTÁNDAR DEL LIBRO
Número Internacional Estándar del Libro 9781838119911
040 ## - FUENTE DE LA CATALOGACIÓN
Centro/agencia transcriptor tbs
041 ## - CÓDIGO DE LENGUA
Código de lengua del texto/banda sonora o título independiente eng
100 ## - ENTRADA PRINCIPAL--NOMBRE DE PERSONA
Nombre de persona Cohen, Jon
9 (RLIN) 26364
Término indicativo de función/relación author
245 ## - MENCIÓN DE TÍTULO
Título Asking for trouble
Resto del título : understanding what people think when you can't trust what they say
Mención de responsabilidad, etc. / Jon Cohen.
260 ## - PUBLICACIÓN, DISTRIBUCIÓN, ETC.
Lugar de publicación, distribución, etc. London :
Nombre del editor, distribuidor, etc. Wonder Wheel Publishing,
Fecha de publicación, distribución, etc. 2021.
300 ## - DESCRIPCIÓN FÍSICA
Extensión xii, 239 pages :
Otras características físicas illustrations ;
Dimensiones 20 cm.
520 ## - SUMARIO, ETC.
Sumario, etc. It’s only natural to ask people what they think of your ideas. After all, you can’t launch, create or do something of value if you’re not interested in the opinions of your intended audience.<br/><br/>Trouble is, the asking doesn’t always help.<br/><br/>Learning the lessons from a lifetime of listening, Jon Cohen reveals why you can’t trust what people say and explains why their answers will often lead you astray. Drawing on an extraordinary array of entertaining and inspiring examples, Jon demonstrates how to ask better, listen harder and get closer to the truth.<br/>This book will transform your ability to understand what people think, enabling you to develop more imaginative ideas, braver public policy and compelling marketing communications.
942 ## - ELEMENTOS DE ENTRADA AGREGADA (KOHA)
Fuente del sistema de clasificación o colocación Clasificación de Library of Congress

No items available.

Powered by Koha